000 00542nam a22001697a 4500
005 20231107105738.0
008 231107b |||||||| |||| 00| 0 eng d
020 _a0869940031
041 _aEnglish
082 _a346.43 SHR
100 _aShrand, D
_lEnglish
245 _aShrand on The Sectional Titles Act /
_cD Shrand
260 _aCape Town :
_bLegal and Financial Publishing Company (Pty) Ltd,
_c1972
300 _bxiii, 204 pages ;
_c346.43 SHR
650 _aLegal practice
_bLaw
942 _cBK
_6ALISON_BN_VRIES
999 _c366
_d366